ESSENTIALS OF BUSINESS COMMUNICATION (Record no. 215869)

MARC details
000 -LEADER
fixed length control field 00578nam a22001937a 4500
008 - FIXED-LENGTH DATA ELEMENTS--GENERAL INFORMATION
fixed length control field 250709b |||||||| |||| 00| 0 eng d
020 ## - INTERNATIONAL STANDARD BOOK NUMBER
International Standard Book Number 978-1-285-85891-3
050 ## - LIBRARY OF CONGRESS CALL NUMBER
Classification number HF 5718.3 .G84 2016
100 ## - MAIN ENTRY--PERSONAL NAME
Personal name GUFFEY, MARY ELLEN
245 ## - TITLE STATEMENT
Title ESSENTIALS OF BUSINESS COMMUNICATION
250 ## - EDITION STATEMENT
Edition statement 10
260 ## - PUBLICATION, DISTRIBUTION, ETC.
Place of publication, distribution, etc. MASON, OH,
Name of publisher, distributor, etc. CENGAGE LEARNING,
Date of publication, distribution, etc. 2016
300 ## - PHYSICAL DESCRIPTION
Extent XVIII,511P.:ILL
500 ## - GENERAL NOTE
General note INCLUDES BIBLIOGRAPHICAL REFERENCES AND INDEX
650 ## - SUBJECT ADDED ENTRY
Topical term or geographic name entry element 1. BUSINESS WRITING 2. BUSINESS COMMUNICATION
700 ## - ADDED ENTRY--PERSONAL NAME
Personal name LOEWY, DANA
942 ## - ADDED ENTRY ELEMENTS (KOHA)
Source of classification or shelving scheme Library of Congress Classification
Koha item type Long Loan Book
Holdings
Withdrawn status Lost status Source of classification or shelving scheme Damaged status Not for loan Collection Home library Current library Shelving location Date acquired Inventory number Total checkouts Full call number Barcode Date last seen Copy number Price effective from Koha item type
    Library of Congress Classification     Business & Economics Kisii University Library Kisii University Library On Display 07/09/2025 109024   HF 5718.3 .G84 2016 000000020550 07/09/2025 1 07/09/2025 Long Loan Book
    Library of Congress Classification     Business & Economics Kisii University Library Kisii University Library On Display 07/09/2025 109025   HF 5718.3 .G84 2016 000000020549 07/09/2025 2 07/09/2025 Long Loan Book
    Library of Congress Classification     Business & Economics Kisii University Library Kisii University Library On Display 07/09/2025 109026   HF 5718.3 .G84 2016 000000020548 07/09/2025 3 07/09/2025 Long Loan Book
    Library of Congress Classification     Business & Economics Kisii University Library Kisii University Library On Display 07/09/2025 109027   HF 5718.3 .G84 2016 000000020547 07/09/2025 4 07/09/2025 Long Loan Book
    Library of Congress Classification     Business & Economics Kisii University Library Kisii University Library On Display 07/09/2025 109028   HF 5718.3 .G84 2016 000000020456 07/09/2025 5 07/09/2025 Long Loan Book